Information and Communication Technology Second IFIP TC5/8 International Conference, ICT-EurAsia 2014, Bali, Indonesia, April 14-17, 2014. Proceedings /

This book constitutes the refereed proceedings of the Second IFIP TC 5/8 International Conference on Information and Communication Technology, ICT-Eur Asia 2014, with the collocation of Asia ARES 2014 as a special track on Availability, Reliability and Security, held in Bali, Indonesia, in April 201...

Πλήρης περιγραφή

Λεπτομέρειες βιβλιογραφικής εγγραφής
Συγγραφή απο Οργανισμό/Αρχή: SpringerLink (Online service)
Άλλοι συγγραφείς: Linawati (Επιμελητής έκδοσης), Mahendra, Made Sudiana (Επιμελητής έκδοσης), Neuhold, Erich J. (Επιμελητής έκδοσης), Tjoa, A Min (Επιμελητής έκδοσης), You, Ilsun (Επιμελητής έκδοσης)
Μορφή: Ηλεκτρονική πηγή Ηλ. βιβλίο
Γλώσσα:English
Έκδοση: Berlin, Heidelberg : Springer Berlin Heidelberg : Imprint: Springer, 2014.
Σειρά:Lecture Notes in Computer Science, 8407
Θέματα:
Διαθέσιμο Online:Full Text via HEAL-Link
LEADER 03808nam a22006015i 4500
001 978-3-642-55032-4
003 DE-He213
005 20151103122926.0
007 cr nn 008mamaa
008 140325s2014 gw | s |||| 0|eng d
020 |a 9783642550324  |9 978-3-642-55032-4 
024 7 |a 10.1007/978-3-642-55032-4  |2 doi 
040 |d GrThAP 
050 4 |a QA76.9.C66 
072 7 |a UBJ  |2 bicssc 
072 7 |a COM079000  |2 bisacsh 
082 0 4 |a 004  |2 23 
245 1 0 |a Information and Communication Technology  |h [electronic resource] :  |b Second IFIP TC5/8 International Conference, ICT-EurAsia 2014, Bali, Indonesia, April 14-17, 2014. Proceedings /  |c edited by Linawati, Made Sudiana Mahendra, Erich J. Neuhold, A Min Tjoa, Ilsun You. 
264 1 |a Berlin, Heidelberg :  |b Springer Berlin Heidelberg :  |b Imprint: Springer,  |c 2014. 
300 |a XXII, 699 p. 238 illus.  |b online resource. 
336 |a text  |b txt  |2 rdacontent 
337 |a computer  |b c  |2 rdamedia 
338 |a online resource  |b cr  |2 rdacarrier 
347 |a text file  |b PDF  |2 rda 
490 1 |a Lecture Notes in Computer Science,  |x 0302-9743 ;  |v 8407 
505 0 |a Applied modeling and simulation -- Mobile computing -- Advanced urban-scale ICT applications -- Semantic web and knowledge management -- Cloud computing -- Image processing -- Software engineering -- Collaboration technologies and systems -- E-learning -- Data warehousing and data mining -- E-government and e-health -- Biometric and bioinformatics systems -- Network security -- Dependable systems and applications -- Privacy and trust management -- Cryptography -- Multimedia security -- Dependable systems and applications. 
520 |a This book constitutes the refereed proceedings of the Second IFIP TC 5/8 International Conference on Information and Communication Technology, ICT-Eur Asia 2014, with the collocation of Asia ARES 2014 as a special track on Availability, Reliability and Security, held in Bali, Indonesia, in April 2014. The 70 revised full papers presented were carefully reviewed and selected from numerous submissions. The papers have been organized in the following topical sections: applied modeling and simulation; mobile computing; advanced urban-scale ICT applications; semantic web and knowledge management; cloud computing; image processing; software engineering; collaboration technologies and systems; e-learning; data warehousing and data mining; e-government and e-health; biometric and bioinformatics systems; network security; dependable systems and applications; privacy and trust management; cryptography; multimedia security and dependable systems and applications. 
650 0 |a Computer science. 
650 0 |a Computer communication systems. 
650 0 |a Computer security. 
650 0 |a Data structures (Computer science). 
650 0 |a Information storage and retrieval. 
650 0 |a Computers and civilization. 
650 1 4 |a Computer Science. 
650 2 4 |a Computers and Society. 
650 2 4 |a Systems and Data Security. 
650 2 4 |a Information Storage and Retrieval. 
650 2 4 |a Information Systems Applications (incl. Internet). 
650 2 4 |a Data Structures, Cryptology and Information Theory. 
650 2 4 |a Computer Communication Networks. 
700 1 |a Linawati.  |e editor. 
700 1 |a Mahendra, Made Sudiana.  |e editor. 
700 1 |a Neuhold, Erich J.  |e editor. 
700 1 |a Tjoa, A Min.  |e editor. 
700 1 |a You, Ilsun.  |e editor. 
710 2 |a SpringerLink (Online service) 
773 0 |t Springer eBooks 
776 0 8 |i Printed edition:  |z 9783642550317 
830 0 |a Lecture Notes in Computer Science,  |x 0302-9743 ;  |v 8407 
856 4 0 |u http://dx.doi.org/10.1007/978-3-642-55032-4  |z Full Text via HEAL-Link 
912 |a ZDB-2-SCS 
912 |a ZDB-2-LNC 
950 |a Computer Science (Springer-11645)